000 00938nam a22003257a 4500
001 BR7908943
003 BR-BrBNA
005 20230928090415.0
007 ta
008 230509b bl.||||| |||| 00| 0 por d
040 _aBR-BrBNA
_bpor
_cBiblioteca Nacional de Agricultura
041 _a(Por)
072 _aS10; S00
_b3730
_b/G514
090 _ 3730 BR7908943
100 1 _aStamford, T.L.M.
110 1 _aUniversidade Federal Rural de Pernambuco, Recife (Brasil)
245 1 _aUtilizacao de novas fontes de proteinas [alimento, proteina, Brasil]
260 3 _aRecife, PE (Brasil):
_c1979.
300 _a37 p.
500 _a37 ref.; 7 tables; Summaries (Eng, Por)
650 _aNUTRICAO HUMANA
650 _aALIMENTO
650 _aMICRORGANISMO
650 _aPROTEINA
650 _aPROTEINA MICROBIANA
650 _aVITAMINA
650 _aDEFICIENCIA PROTEICA
909 _a202309
_bLucia
_c55
_dLucia Elande
942 _cBK
999 _c28735
_d28735